<?xml version="1.0" encoding="utf-8"?>
<?xml-stylesheet type='text/xsl' href='./oai2.xsl'?>
<OAI-PMH xmlns="http://www.openarchives.org/OAI/2.0/" xmlns:xsi="http://www.w3.org/2001/XMLSchema-instance" xsi:schemaLocation="http://www.openarchives.org/OAI/2.0/ http://www.openarchives.org/OAI/2.0/OAI-PMH.xsd">
  <responseDate>2026-05-15T17:36:29Z</responseDate>
  <request verb="GetRecord" metadataPrefix="marcxml" identifier="record_kuniweb_2508434">https://kulturerbe.niedersachsen.de/oai</request>
  <GetRecord>
    <record>
      <header>
        <identifier>record_kuniweb_2508434</identifier>
        <datestamp>2026-03-31T19:09:18Z</datestamp>
        <setSpec>slg0175</setSpec>
      </header>
      <metadata>
        <marc:record xmlns:marc="http://www.loc.gov/MARC21/slim" xsi:schemaLocation="http://www.loc.gov/MARC21/slim http://www.loc.gov/standards/marcxml/schema/MARC21slim.xsd">
          <marc:leader>12345nkm  22     uu 4500</marc:leader>
          <marc:controlfield tag="001">2508434</marc:controlfield>
          <marc:controlfield tag="003">http://kuniweb.gbv.de</marc:controlfield>
          <marc:controlfield tag="005">2024-05-27T13:44:49</marc:controlfield>
          <marc:controlfield tag="008">|           ||||||||||||||||||||||</marc:controlfield>
          <marc:datafield tag="245" ind1="1" ind2="0">
            <marc:subfield code="a">Titeleinfassung mit lautespielendem Engel</marc:subfield>
          </marc:datafield>
          <marc:datafield tag="720" ind1=" " ind2=" ">
            <marc:subfield code="a">Ralf von Retberg</marc:subfield>
          </marc:datafield>
          <marc:datafield tag="655" ind1=" " ind2="7">
            <marc:subfield code="a">Grafik</marc:subfield>
          </marc:datafield>
          <marc:datafield tag="046" ind1=" " ind2=" ">
            <marc:subfield code="k">1864</marc:subfield>
            <marc:subfield code="k">1864 (Entstehung der Reproduktion)</marc:subfield>
          </marc:datafield>
          <marc:datafield tag="260" ind1=" " ind2=" ">
            <marc:subfield code="g">1864</marc:subfield>
            <marc:subfield code="g">1864 (Entstehung der Reproduktion)</marc:subfield>
          </marc:datafield>
          <marc:datafield tag="300" ind1=" " ind2=" ">
            <marc:subfield code="a">Höhe: 165 mm (Dartsellung)
Breite: 125 mm (Darstellung)
Höhe: 192 mm (Blatt)
Breite: 150 mm (Blatt)</marc:subfield>
          </marc:datafield>
          <marc:datafield tag="520" ind1=" " ind2=" ">
            <marc:subfield code="a">lithografische Reproduktion Ralf von Retbergs nach einem Holzschnitt aus dem Umkreis Albrecht Dürers, ehemals Dürer selbst zugeschrieben (auch von Heller 1827); Holzschnitt im Original als rückseitig bedruckte Buchseite (Titelblatt der unten angegeben Schrift von 1526)  (T. Mahler 04/2024)

Aufdruck:
"Anzaygung etlicher irriger Mengel so Caspar Schatzgeyer Barfüsser in seinem Büchleyn wider Andream Osiander gesetzt hat : darinn christenliche Leuterung und Unterrichtung mit Grund Göttlicher Schrifft begert würdt. / 1526." (innerhalb der Darstellung, von dieser umgeben)

Aufschrift:
"Titeleinfassung mit dem lautespielenden Engel/ Holzschnitt Albr. Dürers/ Pass. 204 Hell. 1935 Kopie/ 18RR64." (verso, gedruckte handschriftliche Bezeichnung von Retbergs mit seinem Monogramm)

Veröffentlicht in:
A. Cratander, „Anzeygung etlicher jrriger mengel so Caspar Sasger Barfüsser, in seinem büchlin wider Andream Osiander, gesetzt hat Darin Christenliche leüterung vnd vnnderrichtung mit grund Götlicher schrifft begert wirdt“. [Andreas Cratander], [Basel], 1526. (Titelblatt)

Beschrieben in:
J. Heller, „Dürer’s Bildnisse, Kupferstiche, Holzschnitte und die nach ihm gefertigten Blätter“, Das @Leben und die Werke Albrecht Dürer’s, Bd. Zweyter , Zweyte Abtheilung. Kunz, Bamberg, 1827. (Nr. 1935, S. 728)</marc:subfield>
          </marc:datafield>
          <marc:datafield tag="650" ind1="1" ind2=" ">
            <marc:subfield code="a">Grafik, Fotografie &gt; Druckgrafik &gt; Flachdruck &gt; Lithografie</marc:subfield>
          </marc:datafield>
          <marc:datafield tag="773" ind1="0" ind2=" ">
            <marc:subfield code="t">Sammlung und Nachlass Hermann Allmers</marc:subfield>
          </marc:datafield>
          <marc:datafield tag="852" ind1=" " ind2=" ">
            <marc:subfield code="a">Archiv des Landkreises Cuxhaven</marc:subfield>
          </marc:datafield>
          <marc:datafield tag="852" ind1=" " ind2=" ">
            <marc:subfield code="a">Nürnberg</marc:subfield>
          </marc:datafield>
          <marc:datafield tag="" ind1=" " ind2=" ">
            <marc:subfield code="a">Sammlung und Nachlass Hermann Allmers sind Eigentum der Hermann-Allmers-Gesellschaft e. V. und werden in zwei Teilen an zwei Standorten verwahrt:
Die (museale) Sammlung, bestehend aus Mobiliar und Hausgerät, Tafelgemälden, kleineren und größeren Antiken, Gipsabgüssen, kunsthandwerklichen Objekten aus Keramik und Glas und einer kleinen Bibliothek, befindet sich im Allmers-Haus in Rechtenfleth.
Der literarische, grafische und fotografische "Nachlass Hermann Allmers" hingegen ist im Archiv des Landkreises Cuxhaven in Otterndorf deponiert.</marc:subfield>
          </marc:datafield>
          <marc:datafield tag="" ind1=" " ind2=" ">
            <marc:subfield code="a">Namensnennung - Nicht kommerziell - Keine Bearbeitungen 4.0 International (CC BY-NC-ND 4.0)</marc:subfield>
          </marc:datafield>
        </marc:record>
      </metadata>
    </record>
  </GetRecord>
</OAI-PMH>
